000 00494 a2200169 4500
999 _c5501
_d5501
020 _a0582009294
050 _aPL8681 SIS 1987
100 _aSisimayi, R.
245 _aJekesa pfungwa 3 :
_bbhuku rebvunzo dze 'A ' Level Shona /
_cR. Sisimayi, R.H. Chakamba naW.Masocha
264 _aHarare:
_bLongman,
_c1987
300 _a140p. :
500 _aIn shona
650 _aShona
_xAdvanced level
700 _aR.H. Chakamba
_eAuthor
700 _aW. Masocha
_eAuthor
942 _2lcc
_cBK
_h8681
_iSIS
_kPL